Music Quiz

Random Music or Lyrics Quiz

Beatles Songs Missing a Letter Quiz Stats

 Plays Quiz Updated May 19, 2017

Support Sporcle.
Go Orange.
Score 0/19 Timer 06:00
3 Plays Today
% Correct
Hell, Goodbye
83.8%
Evolution
83.5%
Axman
82.4%
We Can Wok it Out
81.6%
With a Little Help from My Fiends
78.4%
Day Tipper
77.4%
Can Buy Me Love
76.7%
Fixing a Hoe
76.6%
She's Laving Home
75.4%
In My Lie
74%
% Correct
Please Lease Me
73.9%
AC Naturally
73.1%
I'm Only Seeping
71.4%
I Saw Her Sanding There
71.1%
Bing for the Benefit of Mr. Kite
70.7%
Don Let Me Down
70.4%
Penn Lane
69.3%
Ticket to Rid
67.3%
Oh! Daring
64.8%

You're not logged in!

Compare scores with friends on all Sporcle quizzes.
OR
Log In
Forgot?

From the Vault

Find the US States in Greek

by mhershfield

We're helping Zeus build a map. Don't tell him, it's a surprise.
Remove Ads.
Support Sporcle.
Get the best of Sporcle when you Go Orange. This ad-free experience offers more features, more stats, and more fun while also helping to support Sporcle. Thank you for becoming a member.

Show Comments

Extras

Top Quizzes Today


Score Distribution

Your Account Isn't Verified!

In order to create a playlist on Sporcle, you need to verify the email address you used during registration. Go to your Sporcle Settings to finish the process.

Report this User

Report this user for behavior that violates our Community Guidelines.

Details: